书目信息 |
| 题名: |
世纪之梦
|
|
| 作者: | 金雪军 著 | |
| 分册: | ||
| 出版信息: | 北京 学苑出版社 1989.3 |
|
| 页数: | 107页 | |
| 开本: | 19cm | |
| 丛书名: | 经济学者对社会的警告丛书 | |
| 单 册: | ||
| 中图分类: | F125 , D6-51 | |
| 科图分类: | ||
| 主题词: | 外向型经济--研究--中国 , 政治--中国 | |
| 电子资源: | ||
| ISBN: | 7-80060-314-8 | |
| 000 | 00884nam2 2200301 45 | |
| 001 | 0189019244 | |
| 005 | 20040421165400.4 | |
| 010 | @a7-80060-314-8@dCNY1.35 | |
| 020 | @aCN@b89019244 | |
| 100 | @a19910513d1989 m y0chiy0120 ea | |
| 101 | 0 | @achi |
| 102 | @aCN@b110000 | |
| 105 | @ay z 000yy | |
| 106 | @ar | |
| 200 | 10 | @a世纪之梦@Ashi ji zhi meng@f金雪军著@Fjin xue jun zhu |
| 210 | @a北京@c学苑出版社@d1989.3 | |
| 215 | @a107页@d19cm | |
| 225 | 2 | @a经济学者对社会的警告丛书@f韩朝华主编 |
| 330 | @a本书对中国改革开放中的“外向循环热”的问题进行了阐述和分析。 | |
| 410 | 0 | @120010@a经济学者对社会的警告丛书 |
| 540 | 1 | @a世纪之梦@Ashi ji zhi meng |
| 606 | @a外向型经济@x研究@y中国 | |
| 606 | 0 | @a政治@x中国 |
| 690 | @aF125@v1980 | |
| 690 | @aD6-51 | |
| 701 | 0 | @a金雪军@Ajin xue jun@4著 |
| 801 | 0 | @aCN@bNLC@c19910513 |
| 905 | @f3@b257122-124@dD6-51@e30:3 | |
| 世纪之梦/金雪军著.-北京:学苑出版社,1989.3 |
| 107页;19cm.-(经济学者对社会的警告丛书/韩朝华主编) |
| ISBN 7-80060-314-8:CNY1.35 |
| 本书对中国改革开放中的“外向循环热”的问题进行了阐述和分析。 |
| ● |
| 相关链接 |
|
|
|
|
正题名:世纪之梦
索取号:D6-51/30:3
 
预约/预借
| 序号 | 登录号 | 条形码 | 馆藏地/架位号 | 状态 | 备注 |
| 1 | 0257122 | 000484513 | 密集书库/ [索取号:D6-51/30:3] | 在馆 | |
| 2 | 0257123 | 000484522 | 密集书库/ [索取号:D6-51/30:3] | 在馆 | |
| 3 | 0257124 | 000484559 | 第一样本阅览室/ [索取号:D6-51/30:3] | 在馆 |